[Event "Alapaevsk Neiva"]
[Site "Alapaevsk"]
[Date "2007.05.27"]
[Round "12"]
[White "Asadchenko, N."]
[Black "Romanenko, Vladimir"]
[Result "0-1"]
[WhiteElo "2326"]
[BlackElo "2347"]
[PlyCount "82"]
[EventDate "2007.05.27"]
[EventType "tourn"]
[EventRounds "13"]
[EventCountry "RUS"]
[EventCategory "1"]
[SourceTitle "EXT 2008"]
[Source "ChessBase"]
[SourceDate "2007.11.25"]
[SourceVersion "1"]
[SourceVersionDate "2007.11.25"]
[SourceQuality "1"]

1. d4 d5 2. Nf3 Nf6 3. c4 c6 4. Nc3 a6 5. Bg5 Nbd7 6. e3 b5 7. cxd5 cxd5 8. Bd3 Bb7 9. 0-0 e6 10. Ne5 Be7 11. Qf3 0-0 12. Qh3 Nxe5 13. dxe5 Ne4 14. Bxe7 Qxe7 15. f3 Ng5 16. Qg3 f5 17. exf6 Qxf6 18. Rad1 Nf7 19. Bb1 Rac8 20. Ne2 Qg5 21. Qf2 Nd6 22. Nf4 Rf6 23. b3 b4 24. Nh3 Qe5 25. Rd4 a5 26. Qe2 Nf5 27. Bxf5 Qxf5 28. Nf2 e5 29. Rd2 Ba6 30. Qe1 Bxf1 31. Qxf1 Rg6 32. Nd3 Rgc6 33. h3 e4 34. Ne1 Rc1 35. f4 Ra1 36. Qf2 Rcc1 37. Re2 Qf6 38. g3 Qc3 39. Kf1 Rd1 40. f5 Kf7 41. h4 h5 0-1

[Event "Alapaevsk Neiva"]
[Site "Alapaevsk"]
[Date "2007.05.27"]
[Round "5"]
[White "Orekhov, Evgeny"]
[Black "Asadchenko, N."]
[Result "1/2-1/2"]
[WhiteElo "2450"]
[BlackElo "2326"]
[PlyCount "61"]
[EventDate "2007.05.27"]
[EventType "tourn"]
[EventRounds "13"]
[EventCountry "RUS"]
[EventCategory "1"]
[SourceTitle "EXT 2008"]
[Source "ChessBase"]
[SourceDate "2007.11.25"]
[SourceVersion "1"]
[SourceVersionDate "2007.11.25"]
[SourceQuality "1"]

1. e4 c5 2. Nf3 d6 3. d4 cxd4 4. Nxd4 Nf6 5. Nc3 a6 6. Bg5 Nbd7 7. f4 Qc7 8. Qf3 e6 9. 0-0-0 b5 10. Bxb5 axb5 11. Ndxb5 Qb8 12. e5 Bb7 13. Qe2 d5 14. exf6 gxf6 15. Rxd5 fxg5 16. Rxd7 Kxd7 17. Rd1+ Ke8 18. Kb1 gxf4 19. Qc4 Be7 20. Nc7+ Kf8 21. Qxf4 Bc8 22. Qh6+ Kg8 23. Ne8 f5 24. Rd3 Qe5 25. Nb5 Ba6 26. Rg3+ Kf7 27. Re3 Qxe3 28. Nbd6+ Bxd6 29. Nxd6+ Ke7 30. Nxf5+ exf5 31. Qxe3+ 1/2-1/2

[Event "Alapaevsk Neiva"]
[Site "Alapaevsk"]
[Date "2007.05.27"]
[Round "9"]
[White "Pakhomov, Alexey"]
[Black "Asadchenko, N."]
[Result "1-0"]
[WhiteElo "2449"]
[BlackElo "2326"]
[PlyCount "71"]
[EventDate "2007.05.27"]
[EventType "tourn"]
[EventRounds "13"]
[EventCountry "RUS"]
[EventCategory "1"]
[SourceTitle "EXT 2008"]
[Source "ChessBase"]
[SourceDate "2007.11.25"]
[SourceVersion "1"]
[SourceVersionDate "2007.11.25"]
[SourceQuality "1"]

1. e4 d6 2. d4 Nf6 3. Nc3 c6 4. f4 Qa5 5. Qd3 b5 6. Bd2 b4 7. Nce2 Ba6 8. Qf3 Qb6 9. 0-0-0 e6 10. g4 d5 11. e5 Ne4 12. Ng3 Nxd2 13. Rxd2 Qa5 14. Qb3 Bxf1 15. Nxf1 Be7 16. Ng3 0-0 17. Nf3 Na6 18. Kb1 Rab8 19. f5 Rfc8 20. f6 Bf8 21. fxg7 Bxg7 22. Nh5 c5 23. Qd3 c4 24. Qe3 b3 25. cxb3 cxb3 26. a3 Qd8 27. Rf1 Rc2 28. Ng5 Rb7 29. Rd3 h6 30. Rxb3 Rcc7 31. Nxg7 Qxg5 32. Ne8 Qxe3 33. Rxe3 Re7 34. Nd6 Rb8 35. Rf6 Nc7 36. Rh3 1-0